<?xml version="1.0" encoding="UTF-8"?>
<collection xmlns="http://www.loc.gov/MARC21/slim">
<record>
  <controlfield tag="001">5543</controlfield>
  <controlfield tag="005">20220105081705.0</controlfield>
  <datafield tag="037" ind1=" " ind2=" ">
    <subfield code="a">OUTRART-2022-0003</subfield>
  </datafield>
  <datafield tag="100" ind1=" " ind2=" ">
    <subfield code="a">Seismologie.be, </subfield>
  </datafield>
  <datafield tag="245" ind1=" " ind2=" ">
    <subfield code="a">257 séismes naturels enregistrés en Belgique en 2021, dont deux ressentis</subfield>
  </datafield>
  <datafield tag="260" ind1=" " ind2=" ">
    <subfield code="c">2022</subfield>
  </datafield>
  <datafield tag="594" ind1=" " ind2=" ">
    <subfield code="a">NO</subfield>
  </datafield>
  <datafield tag="653" ind1="1" ind2=" ">
    <subfield code="a">Earthquake catalogus</subfield>
  </datafield>
  <datafield tag="653" ind1="1" ind2=" ">
    <subfield code="a">2021 statistics</subfield>
  </datafield>
  <datafield tag="773" ind1=" " ind2=" ">
    <subfield code="p">RTBF</subfield>
    <subfield code="v">2022-01-04</subfield>
    <subfield code="y">2022</subfield>
  </datafield>
  <datafield tag="856" ind1="0" ind2=" ">
    <subfield code="f">koen.vannoten@observatoire.be</subfield>
  </datafield>
  <datafield tag="856" ind1="4" ind2="2">
    <subfield code="a">https://www.rtbf.be/info/societe/detail_257-seismes-naturels-enregistres-en-belgique-en-2021-dont-deux-ressentis?id=10908697</subfield>
  </datafield>
  <datafield tag="980" ind1=" " ind2=" ">
    <subfield code="a">OUTRART</subfield>
  </datafield>
</record>
</collection>